| 000 | 00558nam a22002417a 4500 | ||
|---|---|---|---|
| 005 | 20240715170208.0 | ||
| 008 | 190328b xxu||||| |||| 00| 0 spa d | ||
| 020 | _a9977677182 | ||
| 041 | _aESP | ||
| 082 | _a794.1 M977a | ||
| 100 |
_aMurillo Tsijli, Alexis _953113 |
||
| 100 | _aMurillo Tsijli, Manuel | ||
| 245 | _aEl ajedrez en Costa Rica | ||
| 260 | _aCosta Rica | ||
| 260 | _bEUCR | ||
| 260 | _c2003 | ||
| 300 | _a391 páginas | ||
| 650 | _aCOSTA RICA | ||
| 650 | _aAJEDREZ | ||
| 650 | _aHISTORIA | ||
| 942 |
_cBK _2ddc |
||
| 999 |
_c11818 _d11818 |
||